CHARLES AUGUSTUS MILVERTON / (Record no. 186386)
[ view plain ]
| 000 -LEADER | |
|---|---|
| fixed length control field | 02495nam a22004331i 4500 |
| 003 - CONTROL NUMBER IDENTIFIER | |
| control field | OSt |
| 005 - DATE AND TIME OF LATEST TRANSACTION | |
| control field | 20211206165755.0 |
| 008 - FIXED-LENGTH DATA ELEMENTS--GENERAL INFORMATION | |
| fixed length control field | 211206s2020 -uka jr 000 1 eng d |
| 020 ## - INTERNATIONAL STANDARD BOOK NUMBER | |
| International Standard Book Number | 9781782264248 |
| Terms of availability | RM 42.60 |
| Qualifying information | paperback |
| 040 ## - CATALOGING SOURCE | |
| Original cataloging agency | PPAK |
| Language of cataloging | eng |
| Transcribing agency | PPAK |
| Description conventions | rda |
| 082 04 - DEWEY DECIMAL CLASSIFICATION NUMBER | |
| Classification number | 823.92 |
| Edition number | 23 |
| 090 00 - LOCALLY ASSIGNED LC-TYPE CALL NUMBER (OCLC); LOCAL CALL NUMBER (RLIN) | |
| Classification number (OCLC) (R) ; Classification number, CALL (RLIN) (NR) | 823.92 |
| Feature heading | DOY |
| Feature heading | K |
| 100 1# - MAIN ENTRY--PERSONAL NAME | |
| Personal name | Doyle, Arthur Conan, |
| Dates associated with a name | 1859-1930. |
| Relator term | author |
| 245 10 - TITLE STATEMENT | |
| Title | CHARLES AUGUSTUS MILVERTON / |
| Statement of responsibility, etc. | SIR ARTHUR CONAN DOYLE ; adapted by Stephanie Baudet ; illustrated by Arianna Bellucci. |
| 250 ## - EDITION STATEMENT | |
| Edition statement | 2020 edition. |
| 264 #1 - PRODUCTION, PUBLICATION, DISTRIBUTION, MANUFACTURE, AND COPYRIGHT NOTICE | |
| Place of production, publication, distribution, manufacture | Leicester, United Kingdom : |
| Name of producer, publisher, distributor, manufacturer | Sweet Cherry Publishing, |
| Date of production, publication, distribution, manufacture, or copyright notice | 2020. |
| 300 ## - PHYSICAL DESCRIPTION | |
| Extent | 110 pages : |
| Other physical details | illustrations ; |
| Dimensions | 20 cm. |
| 336 ## - CONTENT TYPE | |
| Content type term | text |
| Source | rdacontent |
| Content type term | still image |
| Source | rdacontent |
| 337 ## - MEDIA TYPE | |
| Media type term | unmediated |
| Source | rdamedia |
| 338 ## - CARRIER TYPE | |
| Carrier type term | volume |
| Source | rdacarrier |
| 490 1# - SERIES STATEMENT | |
| Series statement | Sherlock Holmes children's collection |
| 502 ## - DISSERTATION NOTE | |
| Dissertation note | "Includes free audiobook! QR code inside."--Cover. |
| 520 ## - SUMMARY, ETC. | |
| Summary, etc. | <br/>The story's title character is a blackmailer who specializes in threatening to destroy the reputations of aristocratic women. Milverton obtains some letters written by Lady Eva Bracklewell. If the contents of the letters were made public, Lady Eva's marriage to the Earl of Dovercourt would have to be cancelled. Lady Eva hires Sherlock Holmes to help her. Holmes tries unsuccessfully to persuade Milverton not to blackmail Lady Eva or to at least accept less money from her. He then tries and fails to take the letters from Milverton by force. Believing that he has no other option, Holmes decides to break into Milverton's house and steal the letters. The character of Charles Augustus Milverton is based on the genuine historical figure Charles Augustus Howell, an art dealer and alleged blackmailer who died in mysterious circumstances in 1890. |
| 521 ## - TARGET AUDIENCE NOTE | |
| Target audience note | 7-10 years old. |
| 600 1# - SUBJECT ADDED ENTRY--PERSONAL NAME | |
| Personal name | Holmes, Sherlock |
| Form subdivision | Juvenile fiction. |
| Personal name | Watson, John H. |
| Titles and other words associated with a name | (Fictitious character) |
| Form subdivision | Juvenile fiction. |
| 650 #0 - SUBJECT ADDED ENTRY--TOPICAL TERM | |
| Topical term or geographic name entry element | Extortion |
| Form subdivision | Juvenile fiction |
| Topical term or geographic name entry element | Women |
| General subdivision | Crimes against |
| Chronological subdivision | Juvenile fiction. |
| Topical term or geographic name entry element | Secrecy |
| Form subdivision | Juvenile fiction. |
| Topical term or geographic name entry element | Villains |
| Form subdivision | Juvenile fiction. |
| 655 #7 - INDEX TERM--GENRE/FORM | |
| Genre/form data or focus term | Detective and mystery stories |
| Genre/form data or focus term | Children's stories |
| 700 1# - ADDED ENTRY--PERSONAL NAME | |
| Personal name | Baudet, Stephanie, |
| Relator term | author |
| Personal name | Bellucci, Arianna, |
| Titles and other words associated with a name | (Illustrator), |
| Relator term | illustrator. |
| 830 #0 - SERIES ADDED ENTRY--UNIFORM TITLE | |
| Uniform title | Sherlock Holmes children's collection |
| 856 40 - ELECTRONIC LOCATION AND ACCESS | |
| Uniform Resource Identifier | <a href="www.sweetcherrypublishing.net/Audiobooks/SherlockHolmes/9781782264248">www.sweetcherrypublishing.net/Audiobooks/SherlockHolmes/9781782264248</a> |
| 942 ## - ADDED ENTRY ELEMENTS (KOHA) | |
| Source of classification or shelving scheme | Dewey Decimal Classification |
| Koha item type | Book |
| Withdrawn | Not for loan | Current library | Shelving location | Date acquired | Total Checkouts | Total Renewals | Full call number | Barcode | Date last seen | Date last checked out | Koha item type |
|---|---|---|---|---|---|---|---|---|---|---|---|
| Perpustakaan Alor Setar | Pinjaman Kanak-kanak | 27/01/2022 | 10 | 1 | K 823.92 DOY | A01720768 | 04/12/2025 | 26/11/2025 | Book | ||
| Perpustakaan Awam Sungai Petani | Pinjaman Kanak-kanak | 27/01/2022 | 13 | 3 | K 823.92 DOY | A01720769 | 22/04/2026 | 08/03/2026 | Book | ||
| Perpustakaan Baling | Pinjaman Kanak-kanak | 27/01/2022 | K 823.92 DOY | A01720771 | 27/01/2022 | Book | |||||
| Perpustakaan Kulim | Pinjaman Kanak-kanak | 27/01/2022 | 2 | K 823.92 DOY | A01720770 | 03/08/2024 | 25/06/2024 | Book |